Ganadoras de Roland Garros por Países - Estadísticas

Estadísticas generales
  • Esta prueba ha sido intentada 23 veces
  • La puntuación promedio es 80 de 94
Estadísticas de respuestas
Año País % Correcto
2015 Estados Unidos
100%
2013 Estados Unidos
100%
2002 Estados Unidos
100%
2001 Estados Unidos
100%
1986 Estados Unidos
100%
1985 Estados Unidos
100%
1984 Estados Unidos
100%
1983 Estados Unidos
100%
1982 Estados Unidos
100%
1980 Estados Unidos
100%
1979 Estados Unidos
100%
1975 Estados Unidos
100%
1974 Estados Unidos
100%
1972 Estados Unidos
100%
1968 Estados Unidos
100%
1960 Estados Unidos
100%
1956 Estados Unidos
100%
1954 Estados Unidos
100%
1953 Estados Unidos
100%
1952 Estados Unidos
100%
1951 Estados Unidos
100%
1950 Estados Unidos
100%
1949 Estados Unidos
100%
1947 Estados Unidos
100%
1946 Estados Unidos
100%
1932 Estados Unidos
100%
1930 Estados Unidos
100%
1929 Estados Unidos
100%
1928 Estados Unidos
100%
2016 España
96%
1998 España
96%
1994 España
96%
1989 España
96%
2000 Francia
96%
1967 Francia
96%
1948 Francia
96%
1939 Francia
96%
1938 Francia
96%
1926 Francia
96%
1925 Francia
96%
2011 China
91%
2010 Italia
91%
2014 Rusia
91%
2012 Rusia
91%
2009 Rusia
91%
2004 Rusia
91%
2019 Australia
87%
1973 Australia
87%
1971 Australia
87%
1970 Australia
87%
1969 Australia
87%
1965 Australia
87%
1964 Australia
87%
1963 Australia
87%
1962 Australia
87%
1976 Reino Unido
87%
1966 Reino Unido
87%
1961 Reino Unido
87%
1959 Reino Unido
87%
1957 Reino Unido
87%
1955 Reino Unido
87%
1934 Reino Unido
87%
1933 Reino Unido
87%
2024 Polonia
83%
2023 Polonia
83%
2022 Polonia
83%
2020 Polonia
83%
1999 Alemania
78%
1996 Alemania
78%
1995 Alemania
78%
1993 Alemania
78%
1988 Alemania
78%
1987 Alemania
78%
1937 Alemania
78%
1936 Alemania
78%
1935 Alemania
78%
1931 Alemania
78%
2008 Serbia
74%
1997 Croacia
70%
1927 Países Bajos
70%
2007 Bélgica
65%
2006 Bélgica
65%
2005 Bélgica
65%
2003 Bélgica
65%
2018 Rumanía
61%
1978 Rumanía
61%
1958 Hungría
52%
2021 República Checa
52%
1992 Yugoslavia
35%
1991 Yugoslavia
35%
1990 Yugoslavia
35%
1977 Yugoslavia
35%
1981 Checoslovaquia
26%
2017 Letonia
22%
No se encontraron pruebas coincidentes
Distribución de puntuación
Porcentaje de gente con cada puntuación
Porcentaje por número respondido
Historial de tus puntuaciones
No has intentado esta prueba.